000 00720nam a2200205 a 4500
001 000046420
005 20201002052846.0
008 150811s1991 dr 000 0 spa d
040 _aDO-SdBNP
_bspa
_cBNPHU
100 1 _aQuintana, Germana
_974439
245 1 0 _a3 Obras de un acto :
_bNo quiero ser fuerte; La carretera ; La querida de Don José /
_cGermana Quintana.
246 1 3 _aTres obras de un acto
260 _aSanto Domingo :
_bFeria Nacional del Libro Ercilia Pepin,
_c1991.
300 _a112 p. ;
_c21 cm.
500 _aTeatro dominicano
563 _aTres obras encuadernada juntas con paginación continua
740 1 _aNo quiero ser fuerte
740 1 _aLa carretera
740 1 _aLa querida de Don José
999 _c45909
_d45909